| 000 | 00460nam a22001337a 4500 | ||
|---|---|---|---|
| 003 | OSt | ||
| 008 | 210806b ||||| |||| 00| 0 eng d | ||
| 020 | _a9788194413707 | ||
| 082 |
_a631.3068 _bVIJ/OB |
||
| 100 |
_aVijay Kumar _94918 |
||
| 245 |
_aObjective type questions on farm machinery and power and general agriculture _bAccording to ASRB-ARS/NET, ARS Syllabus, IARI Ph.D Entrance, GATE, SRF and JRF |
||
| 260 |
_aNew Delhi _bJain Brothers _c2020 |
||
| 942 | _cBK | ||
| 999 |
_c17383 _d17383 |
||